<?xml version="1.0" encoding="UTF-8"?><?xml-stylesheet type="text/xsl" href="static/style.xsl"?><OAI-PMH xmlns="http://www.openarchives.org/OAI/2.0/" xmlns:xsi="http://www.w3.org/2001/XMLSchema-instance" xsi:schemaLocation="http://www.openarchives.org/OAI/2.0/ http://www.openarchives.org/OAI/2.0/OAI-PMH.xsd"><responseDate>2026-04-13T07:34:15Z</responseDate><request verb="GetRecord" identifier="oai:www.recercat.cat:2117/335116" metadataPrefix="marc">https://recercat.cat/oai/request</request><GetRecord><record><header><identifier>oai:recercat.cat:2117/335116</identifier><datestamp>2025-07-23T06:50:54Z</datestamp><setSpec>com_2072_1033</setSpec><setSpec>col_2072_452951</setSpec></header><metadata><record xmlns="http://www.loc.gov/MARC21/slim" xmlns:dcterms="http://purl.org/dc/terms/" xmlns:xsi="http://www.w3.org/2001/XMLSchema-instance" xmlns:doc="http://www.lyncode.com/xoai" xsi:schemaLocation="http://www.loc.gov/MARC21/slim http://www.loc.gov/standards/marcxml/schema/MARC21slim.xsd">
   <leader>00925njm 22002777a 4500</leader>
   <datafield ind2=" " ind1=" " tag="042">
      <subfield code="a">dc</subfield>
   </datafield>
   <datafield ind2=" " ind1=" " tag="720">
      <subfield code="a">Gómez Espinal, Sebastián</subfield>
      <subfield code="e">author</subfield>
   </datafield>
   <datafield ind2=" " ind1=" " tag="260">
      <subfield code="c">2020-09-09</subfield>
   </datafield>
   <datafield ind2=" " ind1=" " tag="520">
      <subfield code="a">Les edificacions industrials han estat el focus d'atenció de part d'arquitectes i urbanistes en les últimes dècades, ja que les seves característiques espacials, volumètriques i estructurals són idònies perquè puguin ser rehabilitades i/o transformades en múltiples usos diferents. Aquest procés ha estat recurrent en el context català, on es poden trobar múltiples exemples de naus rehabilitades en equipaments públics, centres educatius i habitatges, sent aquest ultimo de gran interès per la complexitat inherent del seu procés de disseny. És per la qual cosa, que el present treball de fi de màster s'enfoca en l'estudi de les edificacions industrials de mitjan segle XIX i principis del segle XX, a Catalunya, que hagin estat rehabilitades i re-programades en ús residencial, per a determinar les estratègies que s'han aplicat sobre elles, i com han adaptat l'escala domestica a l'interior de l'escala industrial de les naus.</subfield>
   </datafield>
   <datafield ind2=" " ind1=" " tag="520">
      <subfield code="a">Las edificaciones industriales han sido el foco de atención de parte de arquitectos y urbanistas en las últimas décadas, ya que sus características espaciales, volumétricas y estructurales son idóneas para que puedan ser rehabilitadas y/o transformadas en múltiples usos diferentes. Este proceso ha sido recurrente en el contexto catalán, donde se pueden encontrar múltiples ejemplos de naves rehabilitadas en equipamientos públicos, centros educativos y viviendas, siendo este ultimo de gran interés por la complejidad inherente de su proceso de diseño. Es por lo cual, el presente trabajo de fin de máster se enfoca en el estudio de las edificaciones industriales de mediados del siglo XIX y principios del siglo XX, en Cataluña, que hayan sido rehabilitadas y re-programadas en uso residencial, para determinar las estrategias que se han aplicado sobre ellas, y como han adaptado la escala domestica al interior de la escala industrial de las naves.</subfield>
   </datafield>
   <datafield ind2=" " ind1=" " tag="520">
      <subfield code="a">Industrial buildings have been the focus of attention of architects and urban planners in recent decades, since their spatial, volumetric and structural characteristics are ideal for them to be rehabilitated and transformed into multiple different uses. This process has been recurrent in the Catalan context, where it’s posible to find multiple examples of buildings rehabilitated in public facilities, educational centers and residential spaces, the latter being of great interest due to the inherent complexity of its design process. For this reason, this master's thesis focuses on the study of industrial buildings from the mid-19th century and the beginning of the 20th century, in Catalonia, that have been rehabilitated and reprogrammed in residential use, to determine the strategies that have been applied to them, and how they have adapted the domestic scale to the interior of the industrial buildings.</subfield>
   </datafield>
   <datafield tag="653" ind2=" " ind1=" ">
      <subfield code="a">Àrees temàtiques de la UPC::Arquitectura::Restauració arquitectònica</subfield>
   </datafield>
   <datafield tag="653" ind2=" " ind1=" ">
      <subfield code="a">Àrees temàtiques de la UPC::Arquitectura::Tipologies d'edificis::Habitatges</subfield>
   </datafield>
   <datafield tag="653" ind2=" " ind1=" ">
      <subfield code="a">Industrial buildings -- Remodeling for other use -- Spain -- Barcelona</subfield>
   </datafield>
   <datafield tag="653" ind2=" " ind1=" ">
      <subfield code="a">Industrial buildings -- Remodeling for other use -- Spain -- Sabadell</subfield>
   </datafield>
   <datafield tag="653" ind2=" " ind1=" ">
      <subfield code="a">Industrial buildings -- Remodeling for other use -- Spain -- Terrassa</subfield>
   </datafield>
   <datafield tag="653" ind2=" " ind1=" ">
      <subfield code="a">Architecture -- Conservation and restoration -- Spain</subfield>
   </datafield>
   <datafield tag="653" ind2=" " ind1=" ">
      <subfield code="a">Buildings -- Remodeling for other use -- Spain</subfield>
   </datafield>
   <datafield tag="653" ind2=" " ind1=" ">
      <subfield code="a">Arquitectura industrial</subfield>
   </datafield>
   <datafield tag="653" ind2=" " ind1=" ">
      <subfield code="a">Cambio de paradigma</subfield>
   </datafield>
   <datafield tag="653" ind2=" " ind1=" ">
      <subfield code="a">Rehabilitación</subfield>
   </datafield>
   <datafield tag="653" ind2=" " ind1=" ">
      <subfield code="a">Transformación</subfield>
   </datafield>
   <datafield tag="653" ind2=" " ind1=" ">
      <subfield code="a">Espacios residenciales</subfield>
   </datafield>
   <datafield tag="653" ind2=" " ind1=" ">
      <subfield code="a">Catalunya</subfield>
   </datafield>
   <datafield tag="653" ind2=" " ind1=" ">
      <subfield code="a">Barcelona</subfield>
   </datafield>
   <datafield tag="653" ind2=" " ind1=" ">
      <subfield code="a">Terrassa</subfield>
   </datafield>
   <datafield tag="653" ind2=" " ind1=" ">
      <subfield code="a">Edificis industrials -- Remodelació -- Catalunya -- Barcelona</subfield>
   </datafield>
   <datafield tag="653" ind2=" " ind1=" ">
      <subfield code="a">Edificis industrials -- Remodelació -- Catalunya -- Sabadell</subfield>
   </datafield>
   <datafield tag="653" ind2=" " ind1=" ">
      <subfield code="a">Edificis industrials -- Remodelació -- Catalunya -- Terrassa</subfield>
   </datafield>
   <datafield tag="653" ind2=" " ind1=" ">
      <subfield code="a">Arquitectura -- Conservació i restauració -- Catalunya</subfield>
   </datafield>
   <datafield tag="653" ind2=" " ind1=" ">
      <subfield code="a">Reconversió d'edificis -- Catalunya</subfield>
   </datafield>
   <datafield ind2="0" ind1="0" tag="245">
      <subfield code="a">Estrategias de intervención y rehabilitación de edificaciones industriales para su reconversión en uso residencial - multifamiliar: estudio del caso de las naves industriales de finales del siglo XIX y principios del siglo XX en Cataluña</subfield>
   </datafield>
</record></metadata></record></GetRecord></OAI-PMH>